| 000 | 01251nam a22003137a 4500 | ||
|---|---|---|---|
| 001 | 9097 | ||
| 003 | FISKH | ||
| 005 | 20251119162227.0 | ||
| 008 | 251119b cb ||||| |||| 00| 0 eng d | ||
| 020 | _a9781472331724 | ||
| 040 |
_aFISKH _beng _cFISKH _dFISKH |
||
| 050 | _aPZ7.H36 M56 | ||
| 082 | _a823.92 | ||
| 100 | _aHammond, Sarah | ||
| 245 |
_aMine ! / _cWritten by Sarah Hammond : Illustrated by Laura Hughes |
||
| 250 | _aThis edition published by Paragon Books Ltd in 2013 | ||
| 260 |
_aBath : _bParragon , _c2013 . |
||
| 300 |
_a24 unnumbered pages : _bcolor illustrations ; _c25 cm . |
||
| 505 | _aJ | ||
| 520 | _aToday, Kitty is a waitress. There is tea for Teddy in the tall cup, cakes for Pansy on the pink plate, cookies for Bingo in the brown bowl Kitty likes things just so in her diner. But then Leah arrives and everything goes wrong - suddenly there's music and a cookie-balancing contest! ""This diner is MINE!"" Kitty says. But was it more fun before? | ||
| 521 | 8 |
_a480
_bLexile estimate |
|
| 521 | 8 |
_aJ
_bRaz-Plus |
|
| 650 |
_aFriendship _vFiction |
||
| 650 |
_aManners _vFiction |
||
| 650 |
_aSharing _vFiction |
||
| 700 |
_aHughes, Laura _eIllustrator |
||
| 942 |
_2ddc _cBK _n0 |
||
| 999 |
_c9097 _d9097 |
||